000 00621nam a2200241Ia 4500
003 OSt
005 20220918214212.0
006 a|||||r|||| 00| 0
007 ta
008 220917b |||||||| |||| 00| 0 eng d
024 _a136,269
037 _cTextual
040 _aARTS
_cARTS
_beng
041 _2eng
_aeng
082 _aX:8H.3h.N62, K6
100 _aWilliams L E H
_9130197
245 0 _aBuilding society accounts
260 _aLondon
_bFraney
_c1966
300 _a202p.
_ccm.
650 _aECONOMICS
942 _hX:8H.3h.N62, K6
_cTEXL
_2CC
999 _c259359
_d259359